US Car Models 1975 Quiz Stats

 Plays Quiz not verified by Sporcle

Score 0/169 Timer 20:00
0 Plays Today
Make Model % Correct
Mercedes BenzS Class
96.3%
DodgeD Series
94.9%
FordF-Series
94.9%
BentleyT Series
94.1%
MGMGB
92.6%
BMW3 Series
91.2%
FordMustang II
90.4%
AMCGremlin
89%
BMW5 Series
89%
BMW6 Series
89%
BMW7 Series
89%
LincolnContinental
87.5%
Mercedes Benz200 Series
86.8%
Porsche911
86.8%
HondaCivic
86%
AMCPacer
85.3%
Cadillacde Ville
85.3%
ChevroletCorvette
85.3%
MercuryCougar
85.3%
ToyotaCorolla
85.3%
ChevroletCamaro
84.6%
JeepJ Series
84.6%
CadillacEldorado
83.8%
ChevroletImpala
83.8%
VolkswagenBeetle
83.8%
DodgeCharger
83.1%
OldsmobileCutlass
82.4%
FordPinto
81.6%
Audi100
80.9%
BuickRegal
80.9%
JeepCherokee
80.9%
CadillacSeville
80.1%
Datsun280Z
80.1%
Oldsmobile88
80.1%
FordLTD
79.4%
OldsmobileNinety-Eight
79.4%
ChryslerNew Yorker
78.7%
DodgeDart
78.7%
ToyotaCelica
78.7%
MercuryCapri II
77.9%
PontiacGrand Am
77.9%
PontiacGrand Prix
77.9%
Volvo240
77.9%
AMCHornet
77.2%
BuickCentury
77.2%
FordBronco
77.2%
MercuryMarquis
77.2%
FordThunderbird
76.5%
ChevroletSuburban
75.7%
ChevroletVan
75.7%
GMCSuburban
75.7%
JaguarXJ
75.7%
LamborghiniCountach
75.7%
PontiacFirebird
75.7%
Saab99
75.7%
BuickSkylark
75%
ChevroletCaprice
75%
Make Model % Correct
VolkswagenRabbit
75%
International HarvesterScout
75%
ChevroletK5 Blazer
74.3%
JeepWagoneer
74.3%
PontiacBonneville
74.3%
Saab96
74.3%
BuickRiviera
73.5%
MGMidget
73.5%
Saab95
73.5%
TriumphTR7
73.5%
TriumphTR6
72.8%
Porsche912
72.1%
Rolls RoyceSilver Shadow
72.1%
RoverRange Rover
72.1%
ChevroletChevelle
71.3%
JeepCJ-5
71.3%
Mercedes BenzSL
71.3%
Porsche914
71.3%
TriumphSpitfire
71.3%
AudiFox
70.6%
GMCK5 Jimmy
70.6%
BentleyCorniche
69.9%
Fiat124 Spider
69.9%
JaguarXJS
69.9%
Mercedes Benz600 Series
69.9%
Rolls RoyceCorniche
69.9%
BuickLesabre
69.1%
Rolls RoycePhantom
69.1%
ToyotaCorona
68.4%
Ferrari308
67.6%
LincolnContinental Mark IV
67.6%
PlymouthDuster
67.6%
ChryslerTown and Country
66.9%
FordGranada
66.9%
BuickElectra
66.2%
BuickEstate
66.2%
ChevroletLUV
65.4%
ChryslerNewport
65.4%
Datsun310
65.4%
FordCountry Squire
65.4%
FordEconoline
65.4%
MercuryBobcat
65.4%
ToyotaLand Cruiser
65.4%
ChevroletBel Air
64.7%
FiatX 1|9
64.7%
AMCMatador
64%
JeepCJ-6
64%
ChevroletC|K
63.2%
ChevroletMonte Carlo
63.2%
DodgeCoronet
63.2%
GMCC|K
63.2%
VolkswagenMicrobus
63.2%
CadillacCalais
62.5%
LamborghiniJarama
62.5%
BuickSkyhawk
61.8%
ImperialLeBaron
61.8%
MercuryMontego
61.8%
Make Model % Correct
ChevroletNova
61%
Fiat131
61%
LamborghiniEspada
61%
MercuryColony Park
61%
VolkswagenScirocco
61%
Volvo164
61%
FordTorino
60.3%
OldsmobileToronado
60.3%
Rolls RoyceCamargue
60.3%
VolkswagenDasher
60.3%
ChevroletVega
59.6%
PlymouthVoyager
59.6%
PlymouthRoad Runner
58.8%
OldsmobileOmega
58.1%
Opel1900
57.4%
PlymouthFury
57.4%
PontiacLeMans
56.6%
ChryslerCordoba
55.9%
FordMaverick
55.9%
OldsmobileVista Cruiser
55.9%
PlymouthValiant
55.9%
MaseratiBora
55.5%
DodgeColt
55.1%
FordCustom
55.1%
PlymouthColt
55.1%
Datsun610
53.7%
DodgeMonaco
53.7%
PontiacCatalina
53.7%
ChevroletEl Camino
52.9%
ChevroletMonza
52.9%
MercuryComet
52.9%
PontiacSafari
52.9%
International Harvester150 Series
52.3%
BuickApollo
52.2%
CadillacSixty Special
52.2%
FordRanchero
52.2%
MercuryMonarch
51.5%
International HarvesterTravelall
50.8%
Datsun710
50.7%
DodgeRamcharger
50.7%
LamborghiniUrraco
50.7%
OldsmobileStarfire
50.7%
ToyotaHilux
50%
PlymouthTrailduster
47.8%
FordCourier
47.1%
OldsmobileCustom Cruiser
47.1%
CadillacSeries 75
46.3%
PontiacVentura
46.3%
GMCVandura
45.6%
DodgeTradesman
44.9%
GMCSprint
44.9%
PontiacGrand Ville
44.9%
PontiacLaurentian
44.9%
Ferrari365 BB
43.4%
FordRanch Wagon
42.6%

You're not logged in!

Compare scores with friends on all Sporcle quizzes.
OR
Log In

Show Comments

Extras

Top Quizzes Today


Score Distribution

Your Account Isn't Verified!

In order to create a playlist on Sporcle, you need to verify the email address you used during registration. Go to your Sporcle Settings to finish the process.

Report this User

Report this user for behavior that violates our Community Guidelines.

Details: